LIBRARY & INFORMATION CENTRE, KCAET, TAVANUR

ONLINE PUBLIC ACCESS CATALOGUE (OPAC)

Vegetable fibers and their uses (Record no. 12215)

MARC details
000 -LEADER
fixed length control field 00851cam a2200145ua 4500
041 ## - LANGUAGE CODE
Language code of text/sound track or separate title eng
082 ## - DEWEY DECIMAL CLASSIFICATION NUMBER
Classification number 664.028
Item number VEG/OF
245 ## - TITLE STATEMENT
Title Vegetable fibers and their uses
260 ## - PUBLICATION, DISTRIBUTION, ETC. (IMPRINT)
Place of publication Washington :
Name of publisher Office of Industrial Resources ,
Year of publication 1965.
300 ## - PHYSICAL DESCRIPTION
Number of Pages 21 ; .
942 ## - ADDED ENTRY ELEMENTS (KOHA)
Koha item type Books
Holdings
Withdrawn status Lost status Damaged status Home library Current library Date acquired Full call number Accession Number Koha item type
Withdrawn     KAUAET KAUAET 07/04/2012 664.028 712 E Books
free website counter